Statistics for English football teams with TOWN in their name

Click here to take the quiz!

General Stats

  • This quiz has been taken 85 times
  • The average score is 5 of 11

Answer Stats

HintAnswer% Correct
1Ipswich
88%
CHuddersfield
68%
CLuton
64%
2Swindon
50%
2Northampton
49%
2Mansfield
46%
1Fleetwood
36%
1Shrewsbury
34%
2Crawley
31%
2Harrogate
31%
1Cheltenham
30%

Score Distribution

Percentile by Number Answered

Percent of People with Each Score

Your Score History

You have not taken this quiz